00504nam a2200193 a 4500001001300000003000900013005001700022008004100039020001000080082001300090100002400103245003900127260005100166300000800217500003500225505001300260650001300273700002400286nice12345678IN_TiNIC20260116011838.0050524s1949 ahma grp 000 0 eng  ac10000a230bDON aDonaldson, Dwight M aForty Question Asked of Christians aAhmadnagar, DeccanbS.P.G. Mission Pressc1949 a18p aincludes index and biblioraphy2 aAppendix aTheology1 aDonaldson, Dwight M